000 00568nam a22002177a 4500
003 UA-OsUOA
001 82506
007 ta
008 20120306b un ||||| |||| 00| 0 ukr d
100 _aВылегжанин А.Н.
090 _a34
_bВ92
942 _cSA
040 _aUA-OsUOA
_brus
_cUA-OsUOA
_dUA-OsUOA
245 _aНормы международного права об исходных линиях
300 _aС.89-99
955 _a0
041 _arus
080 _a34
773 0 _w82496
650 7 _a34 Право. Юриспруденція
_2UDC
999 _c368820
_d368820